zpět

Detail výsledku týmu

The PUB Praha 6 , Praha

Datum a čas kvízu

31.5 Celkem bodů Celkový počet nahraných bodů na tomto kvízu bez doplňovacích otázek.
10. Pořadí na kvízu Konečné umístění týmu na tomto kvízu.

Zaznamenané odpovědi

# Otázka Odpověď Body Výsledky
1. Ve čtvrtek se konala inaugurac... Ústavu a zákony 0
2. Hinduisté v Indii a Nepálu osl... Hólí 0
3. Ve čtvrtek měl premiéru v česk... Vřískot / Scream 1
4. Skupina ČEZ postaví největší a... v Ostravě 0
5. Minulý týden začaly zápasy pře... 1C 2D 3B 4A 0
6. Definicí oblasti Skandinávie j... Modrozubý 0
7. Národní doména České republiky... .se 0
8. Poronkäristys je laponská spec... sobí maso 0
9. Za nejvýznamnějšího norského s... Domeček pro panenky (též Nora) 1
10. Poslední otázka se bude týkat... A 0